Normal view MARC view
  • DUAN,LIAN CHEN FAH WAI

Entry Personal Name

Number of records used in: 1

001 - CONTROL NUMBER

  • control field: 90194

003 - CONTROL NUMBER IDENTIFIER

  • control field: NUST

005 - DATE AND TIME OF LATEST TRANSACTION

  • control field: 20220304104758.0

008 - FIXED-LENGTH DATA ELEMENTS

  • fixed length control field: 220304|| aca||aabn | a|a d

040 ## - CATALOGING SOURCE

  • Original cataloging agency: NUST
  • Transcribing agency: NUST

100 ## - HEADING--PERSONAL NAME

  • Personal name: DUAN,LIAN CHEN FAH WAI

670 ## - SOURCE DATA FOUND

  • Source citation: Work cat.: (NUST): DUAN,LIAN CHEN FAH WAI., HAND BOOK INTERNATIONAL BRIDGE ENGINEERING /, 2014.
© 2023 Central Library, National University of Sciences and Technology. All Rights Reserved.